Hamilton Songs A-Z Quiz Stats

 Plays Quiz Updated May 20, 2018

Challenge
Share
Tweet
Embed
Score 0/17 Timer 07:00
0 Plays Today
Letter Songs % Correct
AAaron Burr, Sir; The Adams Administration; Alexander Hamilton
97.8%
SSatisfied; Say No to This; Schuyler Defeated; The Schuyler Sisters; Stay Alive; Stay Alive (Reprise); The Story of Tonight; The Story of Tonight (Reprise)
92.7%
WWait for It; Washington on Your Side; We Know; What Comes Next?; What'd I Miss; Who Lives, Who Dies, Who Tells Your Story; A Winter's Ball; The World Was Wide Enough
90.2%
YYorktown (The World Turned Upside Down); You'll Be Back; Your Obedient Servant
89.4%
BBest of Wives and Best of Women; Blow Us All Away; Burn
88.6%
HHelpless; History Has Its Eyes on You; Hurricane
86.7%
RThe Reynolds Pamphlet; Right Hand Man; The Room Where It Happens
84.5%
MMeet Me Inside; My Shot
83.1%
CCabinet Battle #1; Cabinet Battle #2
80.4%
Letter Songs % Correct
TTake a Break; Ten Duel Commandments; That Would Be Enough; Tomorrow There'll Be More of Us
80%
DDear Theodosia
78.1%
II Know Him; It's Quiet Uptown
76.6%
FFarmer Refuted
73.7%
GGuns and Ships
73.1%
NNon-Stop
70.5%
OOne Last Time
61.7%
EThe Election of 1800
61.4%

You're not logged in!

Compare scores with friends on all Sporcle quizzes.
Join for Free
OR
Log In

You Might Also Like...

Show Comments

Extras

Top Quizzes Today


Score Distribution

Your Account Isn't Verified!

In order to create a playlist on Sporcle, you need to verify the email address you used during registration. Go to your Sporcle Settings to finish the process.

Report this User

Report this user for behavior that violates our Community Guidelines.

Details: